MyGZULibrary

A guide to sentencing in South Africa / (Record no. 9450)

MARC details
000 -LEADER
fixed length control field 01172cam a2200313 i 4500
001 - CONTROL NUMBER
control field 20236056
003 - CONTROL NUMBER IDENTIFIER
control field GZU
005 - DATE AND TIME OF LATEST TRANSACTION
control field 20210615121603.0
008 - FIXED-LENGTH DATA ELEMENTS--GENERAL INFORMATION
fixed length control field 180103s2016 sa b 001 0 eng
010 ## - LIBRARY OF CONGRESS CONTROL NUMBER
LC control number 2017493013
020 ## - INTERNATIONAL STANDARD BOOK NUMBER
International Standard Book Number 9780409019049
040 ## - CATALOGING SOURCE
Original cataloging agency DLC
Language of cataloging eng
Description conventions rda
Transcribing agency DLC
042 ## - AUTHENTICATION CODE
Authentication code pcc
043 ## - GEOGRAPHIC AREA CODE
Geographic area code f-sa---
050 00 - LIBRARY OF CONGRESS CALL NUMBER
Classification number KF8810
Item number .TER 2007
100 1# - MAIN ENTRY--PERSONAL NAME
Personal name Terblanche, S. S.
Relator term author.
245 12 - TITLE STATEMENT
Title A guide to sentencing in South Africa /
Statement of responsibility, etc. S.S. Terblanche, B Iur (PU for CHE) LLD (SA), professor of law, Department of Criminal and Procedural Law, University of South Africa, advocate of the High Court of South Africa.
250 ## - EDITION STATEMENT
Edition statement 2nd. edition.
264 #1 - PRODUCTION, PUBLICATION, DISTRIBUTION, MANUFACTURE, AND COPYRIGHT NOTICE
Place of production, publication, distribution, manufacture Durban :
Name of producer, publisher, distributor, manufacturer LexisNexis,
Date of production, publication, distribution, manufacture, or copyright notice 2007.
300 ## - PHYSICAL DESCRIPTION
Extent xi, 562 pages ;
Dimensions 24 cm
336 ## - CONTENT TYPE
Content type term text
Content type code txt
Source rdacontent
337 ## - MEDIA TYPE
Media type term unmediated
Media type code n
Source rdamedia
338 ## - CARRIER TYPE
Carrier type term volume
Carrier type code nc
Source rdacarrier
504 ## - BIBLIOGRAPHY, ETC. NOTE
Bibliography, etc. note Includes bibliographical references (pages 493-501) and index.
650 #0 - SUBJECT ADDED ENTRY--TOPICAL TERM
Topical term or geographic name entry element Sentences (Criminal procedure)
Geographic subdivision South Africa.
906 ## - LOCAL DATA ELEMENT F, LDF (RLIN)
a 7
b cbc
c orignew
d 2
e ncip
f 20
g y-gencatlg
942 ## - ADDED ENTRY ELEMENTS (KOHA)
Source of classification or shelving scheme Library of Congress Classification
Koha item type Books
Classification part 8810
Item part TER
Call number prefix KF
Holdings
Withdrawn status Lost status Damaged status Not for loan Collection code Home library Current library Shelving location Date acquired Total Checkouts Full call number Barcode Date last seen Copy number Price effective from Koha item type
        Non-fiction Law Library Law Library General Stacks 06/15/2021   KF8810TER2007 022649 06/15/2021 c.1 06/15/2021 Books